The plumed serpent / (Record no. 186367)
[ view plain ]
| 000 -LEADER | |
|---|---|
| fixed length control field | 01320 a2200181 4500 |
| 003 - CONTROL NUMBER IDENTIFIER | |
| control field | Nust |
| 005 - DATE AND TIME OF LATEST TRANSACTION | |
| control field | 20230201102659.0 |
| 040 ## - CATALOGING SOURCE | |
| Transcribing agency | Nust |
| 082 ## - DEWEY DECIMAL CLASSIFICATION NUMBER | |
| Classification number | 808.83,LAW |
| 100 ## - MAIN ENTRY--PERSONAL NAME | |
| Personal name | Lawrence, David Herbert |
| 9 (RLIN) | 108337 |
| 245 ## - TITLE STATEMENT | |
| Title | The plumed serpent / |
| Statement of responsibility, etc. | D. H. Lawrence, |
| 260 ## - PUBLICATION, DISTRIBUTION, ETC. | |
| Place of publication, distribution, etc. | London |
| Name of publisher, distributor, etc. | Martin Secker |
| Date of publication, distribution, etc. | 1926 |
| 300 ## - PHYSICAL DESCRIPTION | |
| Extent | 476 p |
| Other physical details | illus |
| Dimensions | 18 cm |
| 505 ## - FORMATTED CONTENTS NOTE | |
| Formatted contents note | Beginnings of a Bull-Fight (Page-7), Tea Party in Talacolula (Page-26), Fortieth Birthday (Page-52), to stay or not tostay (Page-77), The Like (Page-87), The Move Down The Lake (Page-106), The Plaza (Page-120), Night In The House (Page-142), Casa De La Cuentas (Page-149), Don Ramon and Dona Carlota (Page-165), Lords Of The Day And Night (Page-181), The First Waters (page-194), The First Rain (Page-204), Home To Sayula (Page-221), The Written Hymns Of Quetzalcoatl (Page-236), Cipriano And Kate (Page-245), Fourth Hymn and The Bishop (Page-264), Auto Da Fe (Page-287), The Attack on Jamiltepec (Page-308), Marriage By Quetzalcoatl (Page-327), The Opening of the Church (Page-355), The Living Huitzilopochtli (Page-377), Huitzilopochtli Night (Page-398), Malintzi (Page-413), Teresa (Page-422), Kate is A Wife (Page-443), Here (Page-456). |
| 600 ## - SUBJECT ADDED ENTRY--PERSONAL NAME | |
| Personal name | Lawrence, David Herbert |
| 9 (RLIN) | 108337 |
| 650 ## - SUBJECT ADDED ENTRY--TOPICAL TERM | |
| Topical term or geographic name entry element | The plumed serpent |
| 9 (RLIN) | 108338 |
| 942 ## - ADDED ENTRY ELEMENTS (KOHA) | |
| Source of classification or shelving scheme | |
| Koha item type | Book |
| Call number prefix | 808.83,LAW |
| Withdrawn status | Lost status | Source of classification or shelving scheme | Damaged status | Not for loan | Permanent Location | Current Location | Shelving location | Date acquired | Full call number | Barcode | Date last seen | Price effective from | Koha item type | Public note |
|---|---|---|---|---|---|---|---|---|---|---|---|---|---|---|
| Military College of Signals (MCS) | Military College of Signals (MCS) | General Stacks | 12/12/2016 | 808.83,LAW | MCS29878 | 12/08/2016 | 12/12/2016 | Book | Almirah No. 57, Shelf No.1 |
